| 000 | 00776nam a2200229Ii 4500 | ||
|---|---|---|---|
| 003 | JO-AjNU | ||
| 008 | 230605s9999||||xx |||||||||||||| ||und|| | ||
| 017 | _a22/1267 | ||
| 020 | _a9960-9329-5-8 | ||
| 040 |
_aJO-AjNU _bara _erda _cJO-AjNU |
||
| 041 | _aara | ||
| 050 | 1 | 4 | _aBP65.2002 |
| 100 | 3 |
_aوات،وليام مونتجومري ، حافظ،الطاهر عبد السلام/ترجمة, _eauthor _918621 |
|
| 245 | 0 | 0 | _aأثر الإسلام في أوروبا القرون الوسطى |
| 250 | _aط1 | ||
| 264 | 3 | 1 | _aالرياض:مكتبة الملك فهد الوطنية ، 2002 |
| 300 | _a144ص | ||
| 336 |
_atext _btxt _2rdacontent |
||
| 337 |
_aunmediated _bn _2rdamedia |
||
| 338 |
_avolume _bnc _2rdacarrier |
||
| 650 | 4 |
_aالاسلام-اوروبا _918622 |
|
| 999 |
_aA5990 _c9558 _d9558 |
||